Au Maroc avec le Général d'Amade / (Record no. 124073)
[ view plain ]
| 000 -LEADER | |
|---|---|
| campo de control de longitud fija | 00523nam a2200169 4500 |
| 001 - NÚMERO DE CONTROL | |
| campo de control | 124073 |
| 003 - IDENTIFICADOR DE NÚMERO DE CONTROL | |
| campo de control | ES-MaACL |
| 005 - FECHA Y HORA DE LA ÚLTIMA TRANSACCIÓN | |
| campo de control | 20230906192320.0 |
| 007 - CAMPO FIJO DE DESCRIPCIÓN FÍSICA--INFORMACIÓN GENERAL | |
| campo de control de longitud fija | t| |
| 008 - DATOS DE LONGITUD FIJA--INFORMACIÓN GENERAL | |
| campo de control de longitud fija | 070214s1909 fr r ||||1| fre d |
| 100 1# - ENTRADA PRINCIPAL--NOMBRE DE PERSONA | |
| Nombre de persona | Rankin, Reginald. |
| 9 (RLIN) | 95429 |
| 245 10 - MENCIÓN DEL TÍTULO | |
| Título | Au Maroc avec le Général d'Amade / |
| Mención de responsabilidad, etc. | Reginald Rankin. |
| 260 ## - PUBLICACIÓN, DISTRIBUCIÓN, ETC. | |
| Lugar de publicación, distribución, etc. | Paris : |
| Nombre del editor, distribuidor, etc. | Plon-Nourrit et Cie, |
| Fecha de publicación, distribución, etc. | 1909. |
| 300 ## - DESCRIPCIÓN FÍSICA | |
| Extensión | III, 306 p. 19 lám. : |
| Otras características físicas | `retr. del general d'Amade` ; |
| Dimensiones | 19 cm + |
| Material acompañante/anejo | 4 map. |
| 500 ## - NOTA GENERAL | |
| Nota general | Traduit de l'anglais. |
| 852 ## - LOCALIZACIÓN | |
| Ubicación | ES-MaACL |
| Número de control de estantería | F-10516 |
| Estatus retirado | Estado de pérdida | Estado de daño | No para préstamo | Biblioteca de origen | Biblioteca actual | Ubicación en estantería | Fecha de adquisición | Fuente de adquisición | Total de préstamos | Signatura topográfica completa | Código de barras | Visto por última vez | Precio de reemplazo | Tipo de ítem Koha |
|---|---|---|---|---|---|---|---|---|---|---|---|---|---|---|
| Biblioteca del Ateneo de Madrid | Biblioteca del Ateneo de Madrid | Sala Pecera Planta 2 | 17/01/2008 | F-10516 | 1129261 | 23/02/2023 | 23/02/2023 | Libro impreso |
